Taylor Swift mystery lyrics #63 - Statistics

General Stats
  • This quiz has been taken 64 times
    50 since last reset
  • The average score is 136 of 203
Answer Stats
Answer % Correct
a
100%
and
100%
I
100%
It
100%
it
100%
the
100%
The
100%
in
97%
you
97%
to
94%
we
94%
We
94%
if
91%
me
91%
my
91%
on
91%
that
91%
were
91%
we're
91%
your
91%
be
88%
of
88%
said
88%
was
88%
like
85%
Like
85%
too
85%
what
82%
when
82%
Don't
79%
at
76%
he
76%
He
76%
Oh
76%
best
73%
how
73%
see
73%
Can't
70%
can't
70%
have
70%
night
70%
up
70%
dancin'
67%
get
67%
Look
67%
made
67%
could
64%
never
64%
things
64%
one
61%
out
61%
starlight
61%
about
58%
You'll
58%
tune
55%
with
55%
forget
52%
into
52%
life
52%
moved
52%
place
52%
remember
52%
way
52%
whole
52%
dream
48%
dressed
48%
keep
48%
marvelous
48%
much
48%
thinkin'
48%
impossible
45%
kids
45%
runnin'
45%
'45
42%
change
42%
dreams
42%
'em
42%
he's
42%
met
42%
nines
42%
summer
42%
teach
42%
wild
42%
worrying
42%
crazy
39%
party
39%
prince
39%
saying
39%
married
36%
pretendin'
36%
song
36%
spend
36%
ten
36%
walked
36%
boardwalk
33%
Bobby
33%
Picked
33%
playin'
33%
seventeen
33%
blues
30%
club
30%
ducchess
30%
snuck
30%
yacht
30%
singing
27%
late
24%
Ooh
24%
ooh
24%
talkin'
24%
window
24%
ocean
21%
rocks
18%
tryin'
18%
skip
15%
No matching quizzes found
Score Distribution
Percent of People with Each Score
Percentile by Number Answered
Your Score History
You have not taken this quiz since the last reset